Nghiên cứu đánh giá rủi ro sinh thái nước thải KCN Hòa Khánh Đà Nẵng
Yếu tố nguy hại tác động đến môi trường sinh thái và đối tượng tác động của nước thải công nghiệp đối với hệ sinh thái. Đánh giá và phân tích mức độ, tần xuất xảy ra và phạm vi ảnh hưởng rủi ro đến hệ sinh thái. Dự báo và phân vùng tác động rủi ro sinh thái từ nước thải KCN Hòa Khánh.Bước đầu định h...
محفوظ في:
| المؤلف الرئيسي: | |
|---|---|
| مؤلفون آخرون: | |
| التنسيق: | كتاب |
| اللغة: | Vietnamese |
| منشور في: |
Đà Nẵng
Đại học Sư phạm, Đại học Đà Nẵng
2013
|
| الموضوعات: | |
| الوسوم: |
إضافة وسم
لا توجد وسوم, كن أول من يضع وسما على هذه التسجيلة!
|
| Thư viện lưu trữ: | Mạng thư viện Đại học Đà Nẵng |
|---|
| LEADER | 02132nam a2200385 4500 | ||
|---|---|---|---|
| 001 | 000018512 | ||
| 003 | 14944 | ||
| 005 | 20131115111143.0 | ||
| 008 | 131115s2013 viesd | ||
| 041 | |a vie | ||
| 082 | 1 | 4 | |a 628.5 |b ĐĂ-V |
| 100 | 1 | |a Đặng Thị Vi Vi | |
| 245 | 1 | |a Nghiên cứu đánh giá rủi ro sinh thái nước thải KCN Hòa Khánh Đà Nẵng |c Đặng Thị Vi Vi ; Kiều Thị Kính hướng dẫn |k Khóa luận tốt nghiệp | |
| 260 | |a Đà Nẵng |b Đại học Sư phạm, Đại học Đà Nẵng |c 2013 | ||
| 300 | |a 41 tr., phụ lục 4 tr. |b mh. |c 29 cm. |e Bản tóm tắt | ||
| 500 | |a Khóa luận tốt nghiệp đại học. Chuyên ngành: Cử nhân Sinh - Môi trường | ||
| 504 | |a Mục lục đầu trang, tài liệu tham khảo tr. 73 - 74, phụ lục [13 tr.] | ||
| 520 | |a Yếu tố nguy hại tác động đến môi trường sinh thái và đối tượng tác động của nước thải công nghiệp đối với hệ sinh thái. Đánh giá và phân tích mức độ, tần xuất xảy ra và phạm vi ảnh hưởng rủi ro đến hệ sinh thái. Dự báo và phân vùng tác động rủi ro sinh thái từ nước thải KCN Hòa Khánh.Bước đầu định hướng các giải pháp | ||
| 600 | 1 | 4 | |b Vua |c Đinh Tiên Hoàng |
| 650 | 0 | 4 | |a Nước thải công nghiệp |v Khóa luận tốt nghiệp |x Nghiên cứu |z Khu công nghiệp Hòa Khánh |
| 653 | |a Nước thải công nghiệp | ||
| 653 | |a Khoa Sinh môi trường | ||
| 653 | |a Sinh thái nước thải | ||
| 653 | |a Khu công nghiệp Hòa Khánh | ||
| 700 | 1 | |a Kiều Thị Kính |e Hướng dẫn | |
| OWN | |a LSP | ||
| AVA | |a UDN50 |b LSP |d 628.5 ĐĂ-V |e available |t Error 5001 Not defined in file expand_doc_bib_avail. |f 1 |g 0 |h N |i 0 |k 1 | ||
| 999 | |a From the UDN01 | ||
| AVA | |a UDN50 |b LSP |d 628.5 ĐĂ-V |e available |t Error 5001 Not defined in file expand_doc_bib_avail. |f 1 |g 0 |h N |i 0 |k 1 | ||
| TYP | |a Monograph | ||
| TYP | |a Printed language | ||
| 980 | |a Mạng thư viện Đại học Đà Nẵng | ||